logo

Bir Sreshtho Munshi Abdur Rouf Library
Jhenaidah Cadet College

The Creed of Islam (Record no. 6260)

MARC details
000 -LEADER
fixed length control field 00554nam a22002177a 4500
001 - CONTROL NUMBER
JCCL Control Number 6260
003 - CONTROL NUMBER IDENTIFIER
JCCL marc code BD-JhCC
005 - DATE AND TIME OF LATEST TRANSACTION
control field 20180118161439.0
008 - FIXED-LENGTH DATA ELEMENTS--GENERAL INFORMATION
fixed length control field 180118r19501970b |||| |||| 00| 0 eng d
035 ## - SYSTEM CONTROL NUMBER
system control number (BD-JhCC)6260
040 ## - CATALOGING SOURCE
Original cataloging agency BD-JhCC
Modifying agency BD-JhCC
041 ## - LANGUAGE CODE
Language code of Book eng
082 ## - DEWEY DECIMAL CLASSIFICATION NUMBER
Classification number 297
Author mark and Year HAS 1970
100 ## - MAIN ENTRY--PERSONAL NAME
Personal name Hasim, Abul
245 ## - TITLE STATEMENT
Title The Creed of Islam
Remainder of title or The Revolutionary Character of Kalima /
Statement of responsibility, etc Abul Hasim
260 ## - PUBLICATION, DISTRIBUTION, ETC. (IMPRINT)
Place of publication, distribution, etc Dhaka :
Name of publisher, distributor, etc Islamic Academy,
Date of publication, distribution, etc 1970.
300 ## - PHYSICAL DESCRIPTION
Pagination 144 p. ;
Dimensions 21 cm.
650 ## - SUBJECT ADDED ENTRY--TOPICAL TERM
Topical term or geographic name as entry element Islam
942 ## - ADDED ENTRY ELEMENTS (KOHA)
Source of classification or shelving scheme Dewey Decimal Classification
Koha item type Books
Holdings
Source of classification or shelving scheme Damaged status Not for loan Home library Current library Shelving location Date of accession Total Checkouts Full call number Barcode Date last seen Copy number Koha item type
Dewey Decimal Classification     JCC Rouf Library JCC Rouf Library General Stacks 01/18/2018   297 HAS 1970 643 01/18/2018 C-1 Books

JCC Library | Contacts | JCC Home

Last Update on 23 September 2017
Copyright @ 2017-2020 JCC Rouf Library
Rouf Library, Jhenidah Cadet College (JCC), Bangladesh